| 000 | 00886nam a22002297a 4500 | ||
|---|---|---|---|
| 999 |
_c12748 _d12748 |
||
| 003 | AR-CdUCM | ||
| 008 | 190410b ||||| |||| 00| 0 spa d | ||
| 040 |
_aMUNICIPALIDAD PROVINCIAL DEL CUSCO _cBIBLIOTECA MUNICIPAL DEL CUSCO |
||
| 082 |
_22ed. _a869.56 / _bC35 |
||
| 100 |
_aCastro Arenas, Mario _94396 |
||
| 245 | _aLa novela Peruana y la evolucion social / | ||
| 260 |
_aLima : _bTalleres gráficos de Iberia. |
||
| 300 |
_a288 paginas ; _c21 cm. |
||
| 505 | _aContenido : El lazarillo de ciegos caminantes -- El lazarillo y la vida social del XVIII -- Narciso Aréstegui y el nacimiento de la novela -- La novela romántica... | ||
| 650 |
_aNovela Peruana _910636 |
||
| 650 |
_aLiteratura latinoamericana _91143 |
||
| 650 |
_aRealismo social _930786 |
||
| 700 |
_aArnillas, Julia _930787 |
||
| 700 |
_aBazo, César _930788 |
||
| 942 |
_2ddc _cLIBROS |
||
| 945 |
_awnts _d2019-04-10 |
||